[Event "BCF-ch PM U1750 op"]
[Site "Hull"]
[Date "2024.07.29"]
[Round "1"]
[White "Gandhi, Preesh"]
[Black "White, Nicholas E"]
[Result "0-1"]
[WhiteElo "1558"]
[BlackElo "1648"]
[PlyCount "76"]
[EventDate "2024.07.29"]
[EventType "swiss"]
[EventRounds "6"]
[EventCountry "ENG"]
[SourceTitle "CBM 221 Extra"]
[Source "ChessBase"]
[SourceDate "2024.09.30"]
[SourceVersion "1"]
[SourceVersionDate "2024.09.30"]
[SourceQuality "1"]

1. e4 c6 2. d4 d5 3. e5 c5 4. c3 Nc6 5. Nf3 Bg4 6. Be2 e6 7. 0-0 cxd4 8. cxd4 Bxf3 9. Bxf3 Qb6 10. Be3 Qxb2 11. Qb3 Qxb3 12. axb3 Bb4 13. Na3 a6 14. Rfc1 Bxa3 15. Rxa3 Nge7 16. g4 0-0 17. Be2 Rfc8 18. Raa1 Nb4 19. Bd1 Nd3 20. Rc2 Rxc2 21. Bxc2 Nb4 22. Bb1 Rc8 23. Bd2 Nc2 24. Bxc2 Rxc2 25. Bb4 Nc6 26. Bc5 Nxe5 27. dxe5 Rxc5 28. f4 Kf8 29. Kf2 Ke7 30. Rd1 Kd7 31. Rd3 a5 32. h4 b5 33. Ke3 b4 34. f5 Kc6 35. f6 g6 36. Kd2 Kb5 37. g5 a4 38. h5 a3 0-1

[Event "BCF-ch Soanes U1750 op"]
[Site "Hull"]
[Date "2024.07.27"]
[Round "3"]
[White "Gandhi, Preesh"]
[Black "Boztas, Lana"]
[Result "1/2-1/2"]
[WhiteElo "1558"]
[BlackElo "1527"]
[PlyCount "85"]
[EventDate "2024.07.26"]
[EventType "swiss"]
[EventRounds "5"]
[EventCountry "ENG"]
[SourceTitle "CBM 221 Extra"]
[Source "ChessBase"]
[SourceDate "2024.09.30"]
[SourceVersion "1"]
[SourceVersionDate "2024.09.30"]
[SourceQuality "1"]

1. e4 c5 2. Nf3 Nc6 3. Nc3 g6 4. d4 cxd4 5. Nxd4 Bg7 6. Nxc6 bxc6 7. Qf3 Bb7 8. Bc4 e6 9. 0-0 d5 10. exd5 cxd5 11. Bb5+ Kf8 12. Qd3 Ne7 13. Bg5 Qc7 14. Bd2 Nf5 15. Nd1 Rc8 16. Bc3 d4 17. Bb4+ Kg8 18. Ba4 Qc4 19. Qd2 Qd5 20. f3 Bh6 21. Qe1 Ne3 22. Nxe3 Bxe3+ 23. Kh1 Ba6 24. Bb3 Qc6 25. Rf2 Bxf2 26. Qxf2 Qb6 27. Qd2 Kg7 28. Be7 Rhe8 29. Qg5 Rxe7 30. Qxe7 Rc7 31. Qg5 Rd7 32. Qe5+ Kg8 33. Rd1 Bb7 34. h4 h5 35. Qf4 a5 36. a4 Bc6 37. g4 d3 38. Rxd3 Rxd3 39. gxh5 gxh5 40. Kh2 Bxf3 41. Qb8+ Kh7 42. Qf8 Kg6 43. Qg8+ 1/2-1/2

[Event "BCF-ch U12 rapid"]
[Site "Hull"]
[Date "2024.07.27"]
[Round "7"]
[White "Yeung, Jia Arn"]
[Black "Gandhi, Preesh"]
[Result "1-0"]
[WhiteElo "1237"]
[BlackElo "1525"]
[PlyCount "69"]
[EventDate "2024.07.26"]
[EventType "swiss (rapid)"]
[EventRounds "9"]
[EventCountry "ENG"]
[SourceTitle "CBM 221 Extra"]
[Source "ChessBase"]
[SourceDate "2024.09.30"]
[SourceVersion "1"]
[SourceVersionDate "2024.09.30"]
[SourceQuality "1"]

1. e4 e5 2. Nf3 Nc6 3. Bc4 Bc5 4. c3 Nf6 5. d3 h6 6. 0-0 d6 7. h3 0-0 8. Nbd2 Be6 9. Bb3 d5 10. exd5 Bxd5 11. Re1 Re8 12. Bxd5 Nxd5 13. Nc4 f6 14. Be3 Bb6 15. Nxb6 axb6 16. Qb3 Kh8 17. d4 exd4 18. Nxd4 Ne5 19. Rad1 Nxe3 20. Rxe3 Qc8 21. Nb5 c6 22. Nd6 Qb8 23. Nxe8 Qxe8 24. f4 Qh5 25. fxe5 fxe5 26. Rde1 Rf8 27. Rxe5 Qh4 28. Re8 Qf2+ 29. Kh1 Rxe8 30. Rxe8+ Kh7 31. Qg8+ Kg6 32. Qe6+ Kh7 33. Qe4+ g6 34. Qe7+ Qf7 35. Qxf7# 1-0

[Event "BCF-ch U12 blitz"]
[Site "Hull"]
[Date "2024.07.25"]
[Round "9"]
[White "Bevis, Noah"]
[Black "Gandhi, Preesh"]
[Result "0-1"]
[WhiteElo "1649"]
[BlackElo "1426"]
[PlyCount "66"]
[EventDate "2024.07.25"]
[EventType "swiss (blitz)"]
[EventRounds "9"]
[EventCountry "ENG"]
[SourceTitle "CBM 221 Extra"]
[Source "ChessBase"]
[SourceDate "2024.09.30"]
[SourceVersion "1"]
[SourceVersionDate "2024.09.30"]
[SourceQuality "1"]

1. e4 e5 2. Nf3 Nc6 3. Bc4 Bc5 4. c3 Nf6 5. d4 exd4 6. 0-0 0-0 7. cxd4 Bb6 8. d5 Ne7 9. e5 Ne8 10. Nc3 d6 11. Bf4 Ng6 12. Bg3 dxe5 13. Nxe5 Nf6 14. Nxg6 fxg6 15. Re1 Kh8 16. Qc2 Ng4 17. Nd1 Bf5 18. Qd2 Bc5 19. h3 Nf6 20. Ne3 Ne4 21. Qa5 Bb6 22. Qa3 Nxg3 23. fxg3 Bd7 24. Kh2 Qg5 25. Nf1 Rae8 26. Qc3 Bf2 27. Re2 Bb6 28. Rae1 Rxe2 29. Rxe2 Rxf1 30. Qb4 Bg1+ 31. Kh1 Bc5+ 32. Kh2 Bxb4 33. Bb5 Bxb5 0-1